| 000 | 00565cam a22001691 4500 | ||
|---|---|---|---|
| 082 |
_a666.893 _bORC _cL-19, P-35 |
||
| 100 | 1 |
_aOrchard, Dennis Frank. [from old catalog] _944883 |
|
| 245 | 1 | 0 | _aConcrete technology. |
| 260 |
_aLondon, _bContractors Record; _aNew York, _bWiley, _c1962. |
||
| 300 |
_a2 v. _billus., diagrs., tables. _c24 cm. |
||
| 490 | 0 | _aThe Concrete library | |
| 505 | 0 | _av. 1. Properties of materials. 2d ed., rev.--v. 2. Practice. | |
| 526 |
_a0 _b0 _c0 _d666_893000000000000_ORC |
||
| 650 | 0 | _aConcrete. | |
| 650 | 0 |
_aMCE _9379 |
|
| 942 |
_2ddc _cBK |
||
| 999 |
_c548535 _d548535 |
||